000 00521nam a2200193Ia 4500
003 OSt
005 20220926045604.0
006 a|||||r|||| 00| 0
007 ta
008 220923b |||||||| |||| 00| 0 eng d
037 _cGeneral Book
040 _aRTL
_cRTL
_beng
041 _2eng
_aeng
082 _aY:1.2.M, J4;K7:2
100 _aRizvi S A A
245 0 _aIndia 5th survey of history and culture of the India
942 _hY:1.2.M, J4;K7:2
_cGB
_2CC
999 _c677994
_d677994